000 00755cam a22002533a 4500
001 24513
003 PGUSA
005 20140828083526.0
008 080204s2008||||xxu|||||s|||||000 1 eng d
040 _aPGUSA
_beng
042 _adc
050 4 _aPZ
100 1 _aTimlow, Elizabeth Weston,
_d1861-1931
245 1 0 _aCricket at the Seashore
_h[electronic resource] /
_cElizabeth Weston Timlow
260 _bProject Gutenberg,
_c2008
506 _aPublic domain in the USA.
516 _aElectronic text
653 _aSeashore -- Juvenile fiction
653 _aVacations -- Juvenile fiction
700 1 _aRichards, Harriet Roosevelt,
_d-1932
830 0 _aProject Gutenberg
_v24513
856 4 0 _uhttp://www.gutenberg.org/ebooks/24513
942 _cEB
999 _c253768
_d253768